000 00456nam a2200157 i 4500
001 26531
003 ES-MaACL
005 20230906153445.0
007 t|
008 030109s1921 gt ||||1| spa d
100 1 _aArévalo Martínez, Rafael.
_922664
245 1 0 _aManuel Aldano
_b: (La lucha por la vida) /
_cRafael Arévalo Martínez.
260 _aGuatemala :
_b[s.n.,
_c1921] (
_fGutenberg)
300 _a150 p. ;
_c19 cm.
852 _aES-MaACL
_jF-7948
999 _c26531
_d26531